书目信息 |
| 题名: |
《共产党宣言》解说
|
|
| 作者: | ;大庆工人理论小组 , 中央党校编写小组 编 | |
| 分册: | ||
| 出版信息: | 北京 人民出版社 1976 |
|
| 页数: | 233页 | |
| 开本: | 19cm | |
| 丛书名: | ||
| 单 册: | ||
| 中图分类: | A811.22 , A81 | |
| 科图分类: | ||
| 主题词: | 马恩著作研究-共产党宣言 , 马恩著作--学习 , 马恩著作研究 | |
| 电子资源: | ||
| ISBN: | ||
| 000 | 00871nam0 2200289 450 | |
| 001 | 0960265301 | |
| 005 | 20090928164557.42 | |
| 010 | @dCNY0.41 | |
| 100 | @a19950725d1976 em y0chiy0110 ea | |
| 101 | 0 | @achi |
| 102 | @aCN@b110000 | |
| 105 | @ay z 000yy | |
| 106 | @ar | |
| 200 | 1 | @a《共产党宣言》解说@Agong chan dang xuan yan jie shuo@f大庆工人理论小组,中央党校编写小组编 |
| 210 | @a北京@c人民出版社@d1976 | |
| 215 | @a233页@d19cm | |
| 605 | @a共产党宣言@x马恩著作研究 | |
| 606 | 0 | @a马恩著作研究-共产党宣言 |
| 606 | 0 | @a马恩著作@x学习 |
| 606 | 0 | @a马恩著作研究 |
| 690 | @aA811.22@v3 | |
| 690 | @aA81@v4 | |
| 711 | 02 | @a大庆工人理论小组@Ada qing gong ren li lun xiao zu@4编 |
| 711 | 02 | @a中央党校编写小组@Azhong yang dang xiao bian xie xiao zu@4编 |
| 801 | 0 | @aCN@b广东省中山图书馆 |
| 801 | 2 | @aCN@bNLC |
| 905 | @a10447@dA81@eJY20 | |
| 《共产党宣言》解说/大庆工人理论小组,中央党校编写小组编 .-北京:人民出版社,1976 |
| 233页;19cm |
| ISBN :CNY0.41 |
| ● |
| 相关链接 |
|
|
|
|
正题名:《共产党宣言》解说
索取号:A81/JY20
 
预约/预借
| 序号 | 登录号 | 条形码 | 馆藏地/架位号 | 状态 | 备注 |
| 1 | 7804932 | 278049327 | 学院路分馆/ [索取号:A81/JY20] | 在馆 | |
| 2 | 7804933 | 278049336 | 学院路分馆/ [索取号:A81/JY20] | 在馆 | |
| 3 | 7804934 | 278049345 | 学院路分馆/ [索取号:A81/JY20] | 在馆 | |
| 4 | 7804935 | 278049354 | 学院路分馆/ [索取号:A81/JY20] | 在馆 |